Statistics for Liverpool Midfielders 2019/20

Click here to take the quiz!

General Stats

  • This quiz has been taken 16 times
  • The average score is 8 of 10

Answer Stats

CountryPlayer% Correct
NetherlandsGiorginio Wijnaldum
100%
EnglandJordan Henderson
100%
BrazilFabinho
94%
EnglandJames Milner
88%
GuineaNaby Keita
88%
SwitzerlandXherdan Shaqiri
88%
EnglandAdam Lallana
75%
EnglandAlex Oxlade-Chamberlain
63%
EnglandCurtis Jones
44%
EnglandHarvey Elliott
19%

Score Distribution

Percentile by Number Answered

Percent of People with Each Score

Your Score History

You have not taken this quiz